Guess The Rapper - Statistics

General Stats
  • This quiz has been taken 112 times
  • The average score is 9 of 15
Answer Stats
Hint Answer % Correct
the opposite of the past Future
85%
a prefix meaning small + a popular weapon in gangs + the word "green" in french Lil Uzi Vert
82%
how many legs you have + something wolves travel in 2Pac
78%
a prefix meaning small + the blue thing above us Lil Skies
77%
the tenth letter of the alphabet + the last letter of the alphabet Jay Z
72%
something robbers wear + the + a word used to describe a team on a losing streak ("the Warriors are in a _____ right now") + the person we all look up too Ski Mask The Slump God
71%
to have a lot of money + the + synonym of child Rich The Kid
70%
sixity-three times two divided by six + a term used to describe someone who breaks the law on purpose 21 Savage
61%
a prefix meaning small + an adolescent child Lil Baby
61%
a prefix meaning small + something used to put air in a tire Lil Pump
61%
a type of camera + a common colour (or shade) on cars Kodak Black
45%
a type of card in monopoly + the + the genre of music this quiz is on Chance The Rapper
44%
a sugary beverage + the place we live on Juice WRLD
43%
opposite of old + a sauce often used at thanksgiving Yung Gravy
29%
a popular type of small chocolate Eminem
26%
No matching quizzes found
Score Distribution
Percent of People with Each Score
Percentile by Number Answered
Your Score History
You have not taken this quiz